[Event "Memorial Perezzani 2018"]
[Site "?"]
[Date "2018.04.14"]
[Round "3.5"]
[White "Trigili, Franco"]
[Black "Fasoli, Michele"]
[Result "1-0"]
[WhiteElo "1446"]
[BlackElo "1328"]
[PlyCount "195"]
[EventDate "2018.??.??"]

1. Nf3 d5 2. d4 e6 3. g3 Nf6 4. Bg2 Be7 5. O-O O-O 6. Nbd2 c5 7. c3 cxd4 8.
cxd4 Nc6 9. e3 Bd6 10. a3 e5 11. h3 Re8 12. b4 b5 13. Bb2 e4 14. Nh2 Be6 15.
Rc1 Rc8 16. Nb3 a6 17. Nc5 Bxc5 18. bxc5 Qd7 19. g4 h6 20. Re1 b4 21. Qa4 a5
22. f3 h5 23. Rcd1 hxg4 24. hxg4 exf3 25. Bxf3 Bxg4 26. Nxg4 Nxg4 27. Qb3 Qf5
28. Qxd5 Qxd5 29. Bxd5 Rxe3 30. Rf1 Rg3+ 31. Kh1 Ne3 32. Bxf7+ Kh7 33. d5 Nxd1
34. Rxd1 bxa3 35. Ba1 Rf3 36. Be6 Rcf8 37. Kg1 Rg3+ 38. Kh2 Rff3 39. dxc6 Rg6
40. Bd7 Rf2+ 41. Kh3 Rf3+ 42. Kh2 Rf2+ 43. Kh3 Rf3+ 44. Kh4 Rf4+ 45. Kh5 Rc4
46. Bf5 Rxc5 47. Rf1 Rcxc6 48. Bd4 a2 49. Rg1 Kg8 50. Bxg6 Rd6 51. Ba1 Rd5+ 52.
Kg4 Rb5 53. Rg2 Rb4+ 54. Kg5 Rb5+ 55. Bf5 Kf7 56. Kg4 Rb4+ 57. Kf3 Rb3+ 58. Ke4
Rb4+ 59. Kf3 Rb3+ 60. Ke4 Rb4+ 61. Kd3 Rb1 62. Rxa2 Rd1+ 63. Ke2 Rd5 64. Bg4 g5
65. Ra4 Rb5 66. Bc3 Rb7 67. Rxa5 Re7+ 68. Kf3 Rc7 69. Bd4 Rb7 70. Rxg5 Rb3+ 71.
Kf4 Rb4 72. Ke3 Rb3+ 73. Kf2 Rd3 74. Be3 Ra3 75. Re5 Ra2+ 76. Kf3 Ra3 77. Kf4
Ra4+ 78. Kf5 Ra6 79. Bh5+ Kg7 80. Bg5 Kf8 81. Re8+ Kg7 82. Re7+ Kf8 83. Re6 Ra2
84. Be7+ Kg7 85. Rg6+ Kf7 86. Rg2+ Kxe7 87. Rxa2 Kd6 88. Ra5 Kc6 89. Be2 Kd6
90. Bc4 Kc6 91. Ke5 Kb6 92. Rd5 Kc6 93. Ke6 Kc7 94. Rd6 Kb7 95. Kd7 Kb8 96.
Rb6+ Ka7 97. Kc7 Ka8 98. Ra6# 1-0

[Event "Memorial Perezzani 2018"]
[Site "?"]
[Date "2018.04.14"]
[Round "3.6"]
[White "Pesavento, Mosè"]
[Black "Rossi, Gabriele Valerio"]
[Result "0-1"]
[WhiteElo "1440"]
[BlackElo "1173"]
[PlyCount "138"]
[EventDate "2018.??.??"]

1. e4 c5 2. Nf3 Nc6 3. Bc4 e5 4. Nc3 Nf6 5. d3 g6 6. O-O Bg7 7. Bg5 O-O 8. Nd5
d6 9. h3 Be6 10. Nxf6+ Bxf6 11. Bxf6 Qxf6 12. Bxe6 fxe6 13. Qd2 Rad8 14. Qg5
Qxg5 15. Nxg5 Rf6 16. Rad1 d5 17. exd5 exd5 18. c4 h6 19. Nf3 Re6 20. cxd5 Rxd5
21. Rfe1 Kf7 22. Re4 g5 23. Ree1 Kf6 24. g4 Nb4 25. a3 Nxd3 26. Re3 e4 27. Ne1
c4 28. Nxd3 cxd3 29. Kg2 Ke5 30. f3 Kf4 31. Kf2 Ree5 32. fxe4 Rxe4 33. Rf3+ Ke5
34. Rf5+ Ke6 35. Rxd5 Rf4+ 36. Kg3 Kxd5 37. Rxd3+ Rd4 38. Rxd4+ Kxd4 39. h4 Ke3
40. b4 b5 41. hxg5 hxg5 42. Kg2 Kf4 43. Kh3 Kf3 44. Kh2 Kxg4 45. Kg2 a6 46. Kg1
Kg3 47. Kf1 Kh2 48. Kf2 g4 49. Ke3 g3 50. Kd4 g2 51. Kc5 g1=Q+ 52. Kc6 Qd4 53.
Kb7 Qd1 54. Kxa6 Qa4+ 55. Kb6 Qxa3 56. Kxb5 Qa8 57. Kc5 Kg3 58. b5 Qb8 59. Kc6
Kf4 60. b6 Ke5 61. b7 Ke6 62. Kb6 Kd6 63. Kb5 Qxb7+ 64. Kc4 Qf3 65. Kb4 Qd3 66.
Ka4 Qc3 67. Kb5 Qd4 68. Ka5 Kc6 69. Ka6 Qb6# 0-1

[Event "Memorial Perezzani 2018"]
[Site "?"]
[Date "2018.04.14"]
[Round "3.7"]
[White "Gazzola, Andrea"]
[Black "Pozza, Davide Ivo"]
[Result "1-0"]
[WhiteElo "1382"]
[BlackElo "1440"]
[PlyCount "89"]
[EventDate "2018.??.??"]

1. d4 d5 2. c4 Nf6 3. Nc3 c6 4. Nf3 e6 5. a3 Nbd7 6. Bg5 Be7 7. e3 O-O 8. cxd5
Nxd5 9. Bxe7 Qxe7 10. Nxd5 exd5 11. Bd3 Nf6 12. h3 Bd7 13. O-O Rfe8 14. Re1 b6
15. b4 Qd6 16. Rc1 a5 17. Qb3 axb4 18. axb4 h6 19. Ne5 Be6 20. Rxc6 Qb8 21.
Rcc1 Ne4 22. Bb5 Re7 23. Nc6 Qd6 24. Nxe7+ Qxe7 25. Ra1 Rxa1 26. Rxa1 Qg5 27.
Bf1 Nd2 28. Qc2 Nf3+ 29. Kh1 Bf5 30. Ra8+ Kh7 31. Bd3 Ne1 32. Bxf5+ g6 33.
Bxg6+ Kg7 34. f4 Nxc2 35. fxg5 fxg6 36. gxh6+ Kxh6 37. b5 Nxe3 38. Rb8 Nc4 39.
Rd8 Ne3 40. Rd6 Nf1 41. Kg1 Ng3 42. Rxb6 Ne2+ 43. Kf2 Nf4 44. Rd6 Nd3+ 45. Kf1
1-0

[Event "Memorial Perezzani 2018"]
[Site "?"]
[Date "2018.04.14"]
[Round "3.8"]
[White "Castelli, Edmondo"]
[Black "Bison, Ismaele"]
[Result "1/2-1/2"]
[WhiteElo "1414"]
[BlackElo "1356"]
[PlyCount "120"]
[EventDate "2018.??.??"]

1. e4 e5 2. d4 exd4 3. Nf3 Nc6 4. c3 dxc3 5. Nxc3 Bc5 6. Bc4 Nf6 7. O-O h6 8.
h3 d6 9. Qb3 O-O 10. Qc2 b6 11. a3 Nd4 12. Qd1 Nxf3+ 13. Qxf3 Bb7 14. Bf4 Bd4
15. Bd5 Bxd5 16. exd5 Qd7 17. Rac1 Be5 18. Bxe5 dxe5 19. Rcd1 Rfe8 20. Rfe1 Re7
21. d6 Ree8 22. dxc7 Qxc7 23. Rc1 Qd7 24. Red1 Qe6 25. Nb5 e4 26. Qe2 Nd5 27.
Rxd5 Qxd5 28. Nc7 Qg5 29. Rc3 Qe7 30. Nxa8 Rxa8 31. Qc2 Rf8 32. Rc7 Qe6 33.
Rxa7 Rc8 34. Rc7 Re8 35. Rc6 Qe5 36. Rc8 Rxc8 37. Qxc8+ Kh7 38. Qc1 f5 39. g3
g5 40. Qd2 f4 41. g4 Qc5 42. b4 Qc4 43. Qd7+ Kh8 44. Qe8+ Kg7 45. Qe7+ Kg6 46.
Qd6+ Kf7 47. Qd7+ Kf6 48. Qd6+ Qe6 49. Qd4+ Ke7 50. Qg7+ Kd6 51. Qd4+ Kc7 52.
Qg7+ Kc6 53. Qc3+ Kb5 54. Qd2 Qb3 55. Qd7+ Ka6 56. Qc8+ Ka7 57. Qd7+ Kb8 58.
Qd6+ Kb7 59. Qd7+ Ka6 60. Qc8+ Kb5 1/2-1/2

[Event "Memorial Perezzani 2018"]
[Site "?"]
[Date "2018.04.14"]
[Round "3.9"]
[White "Leo, Giovanni"]
[Black "Venturini, Valter"]
[Result "1-0"]
[WhiteElo "1453"]
[BlackElo "1313"]
[PlyCount "53"]
[EventDate "2018.??.??"]

1. d4 Nf6 2. c4 e5 3. dxe5 Ne4 4. Nf3 Bb4+ 5. Bd2 Nxd2 6. Nbxd2 Nc6 7. a3 Bc5
8. Nb3 Bb6 9. c5 Ba5+ 10. Nxa5 Nxa5 11. e3 Qe7 12. b4 Nc6 13. Qd5 O-O 14. Bb5
Nxb4 15. axb4 c6 16. Qd3 cxb5 17. Qxb5 a6 18. Qc4 Rb8 19. O-O b5 20. Qf4 Bb7
21. Rfd1 Bxf3 22. gxf3 Rb6 23. cxb6 Rb8 24. e6 Rxb6 25. exd7 Qd8 26. Qc7 Rg6+
27. Kf1 1-0

[Event "Memorial Perezzani 2018"]
[Site "?"]
[Date "2018.04.14"]
[Round "3.10"]
[White "Scandiuzzi, Roberto"]
[Black "Cisco, Alberto"]
[Result "1-0"]
[WhiteElo "1330"]
[BlackElo "1321"]
[PlyCount "103"]
[EventDate "2018.??.??"]

1. d4 d5 2. Nf3 Nc6 3. e3 Bf5 4. c4 e6 5. a3 Nf6 6. cxd5 Nxd5 7. Bd3 Bg4 8.
Nbd2 Bd6 9. Nc4 Be7 10. Be2 Bf6 11. O-O b5 12. Ncd2 a6 13. Qc2 Qd7 14. Ne4 Bxf3
15. Nxf6+ Nxf6 16. Bxf3 Nd5 17. Qc5 Nce7 18. Bd2 O-O 19. Rac1 Rac8 20. Qc2 c6
21. Ba5 f6 22. Qe2 Rfe8 23. Rc5 Qd6 24. Rfc1 e5 25. dxe5 fxe5 26. g3 Nf6 27.
Qd1 Qe6 28. e4 $11 Rb8 29. b4 Rb7 30. Qc2 Rc8 31. Qe2 Rd7 32. Rd1 Rxd1+ 33.
Qxd1 Rb8 34. Bc7 Rb7 35. Rxe5 Qf7 36. Qd8+ Qf8 37. Qxe7 Qxe7 38. Rxe7 Kf8 39.
Re5 Rxc7 40. Rc5 Nd7 41. Rc1 Ne5 42. Kg2 g5 43. Rc5 Re7 44. Be2 h6 45. f4 gxf4
46. gxf4 Rg7+ 47. Kf2 Ng4+ 48. Bxg4 Rxg4 49. Kf3 Rg6 50. f5 Rf6 51. Kf4 Kf7 52.
e5 1-0

[Event "Memorial Perezzani 2018"]
[Site "?"]
[Date "2018.04.14"]
[Round "3.11"]
[White "Rausse, Leopoldo"]
[Black "Nuzzo, Michele"]
[Result "1-0"]
[WhiteElo "1458"]
[BlackElo "1316"]
[PlyCount "164"]
[EventDate "2018.??.??"]

1. d4 d5 2. Nf3 Nf6 3. e3 e6 4. c4 Nc6 5. Nc3 Bb4 6. Bd3 O-O 7. O-O b6 8. Qc2
h6 9. Ne2 Ba6 10. a3 Bd6 11. b4 dxc4 12. Bxc4 Bxc4 13. Qxc4 Ne7 14. Bb2 Qd7 15.
Rfd1 c6 16. Ne5 Qc7 17. Rac1 Rac8 18. Rc2 c5 19. Qb5 Rfd8 20. Rdc1 Kh7 21. g3
Ne4 22. Qd3 f5 23. Nf7 Rf8 24. Nxd6 Qxd6 25. f3 Nf6 26. Nf4 g5 27. bxc5 bxc5
28. Ne2 Nd7 29. e4 fxe4 30. Qxe4+ Kg8 31. Re1 Qd5 32. Qxd5 Nxd5 33. dxc5 Rxc5
34. Rxc5 Nxc5 35. f4 Nd3 36. Rb1 Nxb2 37. Rxb2 gxf4 38. gxf4 Nxf4 39. Nd4 Rf7
40. Nc6 Rg7+ 41. Kf1 Kh7 42. Ne5 Ng6 43. Ng4 Nf4 44. Nf6+ Kg6 45. Ne4 Rd7 46.
Rb3 Rd3 47. Rxd3 Nxd3 48. a4 Kf5 49. Nd6+ Kf4 50. Ke2 Nc5 51. a5 Ne4 52. Nb5 e5
53. Nxa7 Nc5 54. Nb5 Ke4 55. Nc7 Kf4 56. a6 Nxa6 57. Nxa6 Ke4 58. Nc5+ Kd4 59.
Nd3 Ke4 60. Nf2+ Kf4 61. Nh1 h5 62. Kf2 e4 63. Ke2 Kg4 64. Ng3 h4 65. Nf1 h3
66. Ke3 Kf5 67. Ng3+ Ke5 68. Nxe4 Kf5 69. Kf3 Ke5 70. Nf2 Kf5 71. Kg3 Kg5 72.
Kxh3 Kh5 73. Ne4 Kh6 74. Kg4 Kg6 75. h4 Kh6 76. Nd6 Kg6 77. Nf5 Kh7 78. Kg5 Kh8
79. Kg6 Kg8 80. Nd6 Kh8 81. Nf7+ Kg8 82. h5 Kf8 1-0

[Event "Memorial Perezzani 2018"]
[Site "?"]
[Date "2018.04.15"]
[Round "4.1"]
[White "Pizzamano, Maria"]
[Black "De Luca, Stefano"]
[Result "0-1"]
[WhiteElo "1446"]
[BlackElo "1458"]
[PlyCount "78"]
[EventDate "2018.??.??"]

1. e4 d6 2. d4 Nf6 3. Nc3 g6 4. Bg5 Bg7 5. Nf3 h6 6. Bh4 a6 7. Bc4 b5 8. Bb3
Bb7 9. e5 Ne4 10. Qd3 d5 11. Nd2 g5 12. Bg3 Nxg3 13. hxg3 e6 14. Rh5 Nd7 15.
Qe3 Qe7 16. f4 f6 17. O-O-O O-O-O 18. Re1 fxe5 19. dxe5 c5 20. Qf2 c4 21. Bxc4
bxc4 22. Nf3 Qf7 23. Rh2 gxf4 24. gxf4 Qxf4+ 25. Kb1 Bxe5 26. Rh4 Qf6 27. Qe3
Bg3 28. Rhh1 Bxe1 29. Rxe1 Rde8 30. Nd4 e5 31. Nxd5 Bxd5 32. Nf3 Bxf3 33. gxf3
h5 34. Qe4 Qe6 35. f4 Nc5 36. Qa8+ Kc7 37. Qa7+ Nb7 38. Rxe5 Qc6 39. Qd4 Qh1+
0-1

[Event "Memorial Perezzani 2018"]
[Site "?"]
[Date "2018.04.15"]
[Round "4.2"]
[White "Di Buono, Giovanni"]
[Black "Peloni, Giuseppe"]
[Result "0-1"]
[WhiteElo "1440"]
[BlackElo "1449"]
[PlyCount "94"]
[EventDate "2018.??.??"]

1. d4 Nf6 2. Nf3 d5 3. Bf4 e6 4. e3 c5 5. c3 Qb6 6. Qc2 Nc6 7. Nbd2 h6 8. Be2
Qd8 9. Ne5 Nxe5 10. dxe5 Nd7 11. h3 c4 12. e4 b5 13. exd5 exd5 14. e6 Nf6 15.
exf7+ Kxf7 16. O-O Bd6 17. Bxd6 Qxd6 18. Bf3 Qe5 19. Rfe1 Qf5 20. Qxf5 Bxf5 21.
Bxd5+ Nxd5 22. Re5 Be6 23. Nf3 Rhe8 24. Nd4 a6 25. Kf1 Rac8 26. Rd1 Nb6 27. Re4
Bd7 28. Rf4+ Kg8 29. Nf3 Rf8 30. Rfd4 Bxh3 31. Rd6 Na4 32. R1d2 Nc5 33. R2d4
Bf5 34. a3 Bd3+ 35. Kg1 Rfe8 36. Kh2 Re2 37. Kg3 Rxb2 38. Ne5 Rc2 39. Nc6 Re8
40. f3 Rxc3 41. R6d5 Na4 42. Rd7 Nb6 43. Nb4 Nxd7 44. Rxd7 Rxa3 45. Kg4 c3 46.
Rxd3 c2 47. Rxa3 c1=Q 0-1

[Event "Memorial Perezzani 2018"]
[Site "?"]
[Date "2018.04.15"]
[Round "4.3"]
[White "Rossi, Gabriele Valerio"]
[Black "Trigili, Franco"]
[Result "0-1"]
[WhiteElo "1173"]
[BlackElo "1446"]
[PlyCount "101"]
[EventDate "2018.??.??"]

1. e4 b6 2. d3 Bb7 3. Nf3 e6 4. g3 h6 5. Bg2 g5 6. h3 Bg7 7. O-O Ne7 8. c3 d6
9. Nh2 Nd7 10. f4 gxf4 11. gxf4 Nf6 12. Ng4 Ng6 13. Qe2 O-O 14. f5 Nxg4 15.
hxg4 exf5 16. gxf5 Ne5 17. d4 Nd7 18. Bf4 Re8 19. Nd2 a5 20. Qe3 Kh7 21. Rae1
Qf6 22. e5 Bxg2 23. Rf2 dxe5 24. dxe5 Nxe5 25. Rxg2 Nf3+ 26. Qxf3 Rxe1+ 27. Nf1
Rae8 28. Bg3 R1e4 29. Nd2 Re3 30. Qf1 Qc6 31. Bf2 Re2 32. Nb3 Qf3 33. Rxg7+ Kh8
34. Nd4 Qxf2+ 35. Qxf2 Rxf2 36. Rxf7 Rxb2 37. Ne6 Rg8+ 38. Kf1 Rbg2 39. Rxc7 h5
40. Nf4 R2g5 41. Ng6+ R5xg6 42. fxg6 Rxg6 43. Rc8+ Kh7 44. Rf8 Kg7 45. Rf3 Rf6
46. Kg2 Rxf3 47. Kxf3 Kf6 48. Kg3 Ke5 49. Kh4 Kd5 50. Kxh5 Kc4 51. Kg4 0-1

[Event "Memorial Perezzani 2018"]
[Site "?"]
[Date "2018.04.15"]
[Round "4.4"]
[White "Fonovic, Fabian Pavel"]
[Black "Morandini, Alessandro"]
[Result "1-0"]
[WhiteElo "1332"]
[BlackElo "1326"]
[PlyCount "64"]
[EventDate "2018.??.??"]

1. d4 b6 2. Nf3 Bb7 3. Bf4 Bxf3 4. exf3 d5 5. Bd3 Nf6 6. Nd2 e6 7. O-O Bd6 8.
Bg3 Bxg3 9. fxg3 O-O 10. g4 Nfd7 11. f4 c5 12. c3 cxd4 13. cxd4 a6 14. Rf3 Nc6
15. Bxh7+ Kxh7 16. Qc2+ g6 17. Rh3+ Kg7 18. Qxc6 Qc8 19. Qa4 b5 20. Qb3 Nb6 21.
Rc3 Qb8 22. Rf1 Rc8 23. Rc5 Nc4 24. Nxc4 bxc4 25. Qa3 Rxc5 26. dxc5 Qa7 27. b4
Rc8 28. Qc3+ Kg8 29. f5 a5 30. fxg6 axb4 31. gxf7+ Kf8 32. Qh8+ Ke7 1-0

[Event "Memorial Perezzani 2018"]
[Site "?"]
[Date "2018.04.15"]
[Round "4.5"]
[White "Mulone, Gaspare"]
[Black "Gazzola, Andrea"]
[Result "0-1"]
[WhiteElo "1443"]
[BlackElo "1382"]
[PlyCount "64"]
[EventDate "2018.??.??"]

1. e4 d6 2. d4 Nf6 3. Nc3 e5 4. dxe5 dxe5 5. Qxd8+ Kxd8 6. Bg5 Nbd7 7. O-O-O
Be7 8. f3 c6 9. Bc4 Ke8 10. Bb3 h6 11. Be3 b5 12. a3 a5 13. a4 b4 14. Nb1 Ba6
15. Nd2 Bc5 16. Bxc5 Nxc5 17. Kb1 Rd8 18. Nh3 Be2 19. Rc1 Rxd2 20. Rhe1 Ba6 21.
Rg1 Ke7 22. Rcd1 Rhd8 23. Kc1 Rxd1+ 24. Rxd1 Rxd1+ 25. Kxd1 Bf1 26. Ng1 Nxb3
27. cxb3 Nd7 28. g3 Nc5 29. Ke1 Ba6 30. Ne2 Nxb3 31. f4 f6 32. Kd1 Bxe2+ 0-1

[Event "Memorial Perezzani 2018"]
[Site "?"]
[Date "2018.04.15"]
[Round "4.6"]
[White "Bison, Ismaele"]
[Black "Leo, Giovanni"]
[Result "0-1"]
[WhiteElo "1356"]
[BlackElo "1453"]
[PlyCount "130"]
[EventDate "2018.??.??"]

1. e4 e6 2. Nc3 d5 3. exd5 exd5 4. g3 c6 5. Bg2 Bd6 6. Nf3 Bg4 7. O-O Ne7 8. d3
O-O 9. b3 Re8 10. Bb2 Nd7 11. Qd2 Ng6 12. Rfe1 Nde5 13. Nxe5 Bxe5 14. d4 Bf6
15. f3 Be6 16. Ne2 Qd7 17. Rac1 Bh3 18. Nc3 Bxg2 19. Rxe8+ Rxe8 20. Kxg2 Kf8
21. Ba3+ Kg8 22. Rd1 Be7 23. Bxe7 Qxe7 24. Kf2 Kf8 25. Re1 Qxe1+ 26. Qxe1 Rxe1
27. Kxe1 Ke7 28. Na4 b6 29. Nc3 Ke6 30. h3 Ne7 31. Ke2 Nf5 32. Kf2 Nxd4 33. Ne2
Nxc2 34. Nf4+ Kf6 35. Ke2 Nd4+ 36. Ke3 Ne6 37. Nh5+ Ke7 38. f4 g6 39. f5 gxh5
40. fxe6 Kxe6 41. Kf4 c5 42. Ke3 Ke5 43. Kd3 f5 44. h4 f4 45. gxf4+ Kxf4 46. a3
Kg4 47. b4 cxb4 48. axb4 Kxh4 49. Kd4 Kg4 50. Kxd5 h4 51. Kc6 h3 52. Kb7 h2 53.
Kxa7 h1=Q 54. Kxb6 Qb1 55. Kc5 h5 56. b5 h4 57. b6 h3 58. Kc6 h2 59. b7 h1=Q+
60. Kc7 Qhxb7+ 61. Kd6 Q1b6+ 62. Ke5 Qb5+ 63. Ke6 Q7c6+ 64. Ke7 Qbb7+ 65. Kf8
Qcc8# 0-1

[Event "Memorial Perezzani 2018"]
[Site "?"]
[Date "2018.04.15"]
[Round "4.7"]
[White "Zanetti, Luca"]
[Black "Castelli, Edmondo"]
[Result "1/2-1/2"]
[WhiteElo "1363"]
[BlackElo "1414"]
[PlyCount "89"]
[EventDate "2018.??.??"]

1. e4 e6 2. d4 d5 3. e5 c5 4. c3 Qb6 5. Bd3 Nc6 6. Nf3 Bd7 7. Bc2 cxd4 8. cxd4
Bb4+ 9. Nc3 Nge7 10. O-O O-O 11. Qd3 Ng6 12. Bd2 Bxc3 13. Bxc3 Nce7 14. Rfc1
Rac8 15. a3 Nf5 16. Qd2 Nge7 17. Bb4 Rfe8 18. Bxe7 Rxe7 19. Bxf5 exf5 20. Rxc8+
Bxc8 21. Rb1 Bd7 22. h3 Bb5 23. Ne1 Rc7 24. Nc2 Bc4 25. b3 Bb5 26. Ne3 Qa6 27.
Qb4 Bd3 28. Ra1 Qc6 29. Qd2 Qc3 30. Qxc3 Rxc3 31. b4 a6 32. g3 Rb3 33. Kg2 Be4+
34. Kf1 Rb1+ 35. Rxb1 Bxb1 36. f3 Bd3+ 37. Kf2 Kf8 38. g4 Ke7 39. Kg3 h6 40. h4
Kd7 41. f4 Be4 42. Nd1 Bd3 43. Nc3 Kc6 44. Kf2 b5 45. Ke3 1/2-1/2

[Event "Memorial Perezzani 2018"]
[Site "?"]
[Date "2018.04.15"]
[Round "4.8"]
[White "Pozza, Davide Ivo"]
[Black "Scandiuzzi, Roberto"]
[Result "0-1"]
[WhiteElo "1440"]
[BlackElo "1330"]
[PlyCount "72"]
[EventDate "2018.??.??"]

1. e4 c6 2. d4 d5 3. e5 Bf5 4. h4 h5 5. Nf3 e6 6. c4 Bb4+ 7. Bd2 Qa5 8. a3
Bxd2+ 9. Qxd2 Qxd2+ 10. Nbxd2 Ne7 11. Rc1 Nd7 12. c5 a5 13. Be2 Bg4 14. O-O O-O
15. Bd3 Bf5 16. Bxf5 Nxf5 17. Rfd1 Ne7 18. a4 Rab8 19. Nb3 Ra8 20. g3 b6 21.
Rd2 Rfb8 22. Kg2 b5 23. axb5 Rxb5 24. Na1 a4 25. Ne1 Rab8 26. Nd3 Nf5 27. Nf4
Rxb2 28. Rd3 Rb1 29. Rxb1 Rxb1 30. Ra3 Rb4 31. Nxh5 Nxd4 32. Nf4 Nxe5 33. h5
Nb5 34. Ra2 a3 35. Nc2 Rb3 36. Nb4 Rxb4 0-1

[Event "Memorial Perezzani 2018"]
[Site "?"]
[Date "2018.04.15"]
[Round "4.9"]
[White "Rausse, Leopoldo"]
[Black "Pesavento, Mosè"]
[Result "1-0"]
[WhiteElo "1458"]
[BlackElo "1440"]
[PlyCount "129"]
[EventDate "2018.??.??"]

1. e4 e5 2. Nf3 Nc6 3. d4 exd4 4. Nxd4 Nge7 5. Nc3 g6 6. Bf4 a6 7. Bc4 Bg7 8.
Nxc6 Bxc3+ 9. bxc3 Nxc6 10. Qd5 Qe7 11. Bh6 d6 12. Bg5 f6 13. Bh6 Be6 14. Qxe6
Qxe6 15. Bxe6 Ke7 16. Bd5 Ne5 17. Bxb7 Rab8 18. Rb1 Ng4 19. Bf4 g5 20. Bg3 Ke6
21. Ke2 h5 22. f3 h4 23. Be1 Ne5 24. Bf2 f5 25. Ba7 Rbd8 26. Bd4 fxe4 27. Bxe4
c5 28. Bxe5 Kxe5 29. c4 h3 30. g3 Rb8 31. Kd3 Rxb1 32. Rxb1 Ra8 33. g4 Rf8 34.
Ke3 a5 35. Rb7 a4 36. Ra7 Rb8 37. Rxa4 Rb2 38. Kf2 Kf4 39. Ra6 Ke5 40. Kg3 Kd4
41. Bd3 Ke3 42. Rxd6 Rxa2 43. Re6+ Kd2 44. Re5 Ra1 45. Kxh3 Rg1 46. Rxg5 Kc1
47. Rxc5 Kb2 48. Rb5+ Ka1 49. c5 Rb1 50. c4 Rd1 51. Be4 Rd8 52. c6 Rh8+ 53. Kg3
Rc8 54. Rb7 Ka2 55. c7 Ka3 56. Bf5 Rxc7 57. Rxc7 Kb4 58. Be6 Ka5 59. Rb7 Ka6
60. Bd5 Ka5 61. c5 Ka6 62. c6 Ka5 63. c7 Ka4 64. c8=Q Ka3 65. Qa8# 1-0

[Event "Memorial Perezzani 2018"]
[Site "?"]
[Date "2018.04.15"]
[Round "4.10"]
[White "Fasoli, Michele"]
[Black "Valtemara, Luca Francesco"]
[Result "1-0"]
[WhiteElo "1328"]
[BlackElo "1314"]
[PlyCount "45"]
[EventDate "2018.??.??"]

1. d4 d5 2. c4 c5 3. e3 e6 4. Nf3 Nc6 5. Nc3 Nf6 6. Bd3 b6 7. O-O Bd6 8. e4
cxd4 9. e5 Nxe5 10. Nb5 dxc4 11. Bc2 Bc5 12. Nxe5 Qd5 13. Nc7+ Ke7 14. Nxd5+
exd5 15. Nc6+ Kd7 16. Nxd4 Re8 17. Ba4+ Ke7 18. Bxe8 Kxe8 19. Qe2+ Kf8 20. Re1
Bxd4 21. Qe7+ Kg8 22. Qd8+ Ne8 23. Qxe8# 1-0

[Event "Memorial Perezzani 2018"]
[Site "?"]
[Date "2018.04.15"]
[Round "4.11"]
[White "Venturini, Valter"]
[Black "Mai, Daniele"]
[Result "0-1"]
[WhiteElo "1313"]
[BlackElo "1424"]
[PlyCount "58"]
[EventDate "2018.??.??"]

1. e4 c5 2. Nf3 e6 3. d3 Nc6 4. g3 Qc7 5. Bg2 d5 6. Nbd2 Be7 7. O-O Nf6 8. Re1
O-O 9. e5 Nd7 10. Qe2 Nb4 11. Nf1 b6 12. a3 Nc6 13. Bf4 Bb7 14. Nh4 h6 15. Bxd5
g5 16. Nf5 exf5 17. Bd2 Nd4 18. Bxf7+ Rxf7 19. Qh5 Nf3+ 20. Kg2 Nxe1+ 21. Kg1
Qc6 22. f3 Nxf3+ 23. Kf2 Nxd2 24. Ke1 Nxf1 25. Kf2 Qg2+ 26. Ke1 Qc6 27. Kf2
Nxe5 28. Rxf1 Qf3+ 29. Qxf3 Nxf3 0-1

[Event "Memorial Perezzani 2018"]
[Site "?"]
[Date "2018.04.15"]
[Round "4.12"]
[White "Cisco, Alberto"]
[Black "Nuzzo, Michele"]
[Result "0-1"]
[WhiteElo "1321"]
[BlackElo "1316"]
[PlyCount "86"]
[EventDate "2018.??.??"]

1. e4 e5 2. Nf3 Nc6 3. Bc4 Bc5 4. d3 Nf6 5. Nc3 d6 6. O-O O-O 7. Bg5 Bg4 8. h3
Bh5 9. Nd5 Kh8 10. c3 Na5 11. Nxf6 gxf6 12. Bh6 Rg8 13. g4 Qd7 14. Nh2 f5 15.
exf5 Qxf5 16. Qf3 Qxf3 17. Nxf3 Nxc4 18. dxc4 f5 19. Kh1 fxg4 20. hxg4 Bxg4 21.
Nh2 Bh3 22. Be3 Bxf1 23. Rxf1 Bxe3 24. fxe3 Raf8 25. Re1 Rf2 26. Nf1 Rfg2 27.
Nh2 Rxb2 28. c5 dxc5 29. Ra1 Rgg2 30. Nf1 Rg5 31. a4 h5 32. Rd1 h4 33. Rd8+ Rg8
34. Rd1 Rf2 35. e4 Rgf8 36. Nh2 h3 37. Rd3 R8f7 38. Rxh3+ Rh7 39. Rxh7+ Kxh7
40. Kg1 Ra2 41. Nf3 Rxa4 42. Nxe5 Rxe4 43. Nd7 Rc4 0-1

[Event "Memorial Perezzani 2018"]
[Site "?"]
[Date "2018.04.15"]
[Round "5.1"]
[White "De Luca, Stefano"]
[Black "Peloni, Giuseppe"]
[Result "0-1"]
[WhiteElo "1458"]
[BlackElo "1449"]
[PlyCount "116"]
[EventDate "2018.??.??"]

1. d4 Nf6 2. Bf4 d5 3. e3 e6 4. Nf3 c5 5. c3 Qb6 6. Qc2 Nc6 7. Nbd2 Be7 8. Be2
h6 9. Ne5 Nxe5 10. dxe5 Nd7 11. O-O O-O 12. Nf3 c4 13. Nd4 a6 14. b4 cxb3 15.
axb3 Qd8 16. c4 b6 17. Nc6 Qe8 18. Nxe7+ Qxe7 19. Rfd1 Bb7 20. Bf3 Rac8 21. Qd3
Rc5 22. e4 dxe4 23. Bxe4 Bxe4 24. Qxe4 Rc7 $11 25. Rxa6 Nc5 26. Qe3 Nxa6 27.
Qxb6 Nb8 28. Be3 Rb7 29. Qa5 Qb4 30. Qxb4 Rxb4 31. Bc5 $11 Rxb3 32. Bxf8 Kxf8
33. f4 g6 34. c5 Kg7 35. Rd6 Rc3 36. Rb6 Nd7 37. Rb7 Nxc5 38. Rc7 Rc1+ 39. Kf2
Nb3 40. Rb7 Nd4 41. Rb2 Rc2+ 42. Rxc2 Nxc2 43. Ke2 g5 44. Kd2 Nd4 45. Ke3 Nc6
46. g4 gxf4+ 47. Kxf4 Kg6 48. h4 Ne7 49. h5+ Kg7 50. g5 Nd5+ 51. Kg4 Ne3+ 52.
Kf4 hxg5+ 53. Kxe3 Kh6 54. Kf3 Kxh5 55. Kg3 g4 56. Kg2 Kg5 57. Kg3 Kf5 58. Kg2
Kxe5 0-1

[Event "Memorial Perezzani 2018"]
[Site "?"]
[Date "2018.04.15"]
[Round "5.2"]
[White "Gazzola, Andrea"]
[Black "Fonovic, Fabian Pavel"]
[Result "1/2-1/2"]
[WhiteElo "1382"]
[BlackElo "1332"]
[PlyCount "108"]
[EventDate "2018.??.??"]

1. d4 e6 2. c4 d5 3. Nc3 c6 4. cxd5 exd5 5. a3 Bd6 6. Nf3 Ne7 7. e3 Bg4 8. Be2
Nd7 9. O-O Qc7 10. Kh1 Bxf3 11. Bxf3 Bxh2 12. g3 Bxg3 13. fxg3 Qxg3 14. Bg2 Nf6
15. Qf3 Qg6 16. e4 dxe4 17. Nxe4 Nxe4 18. Qxe4 Qxe4 19. Bxe4 Rd8 20. Be3 f6 21.
Rad1 Kf7 22. Bg1 g6 23. Rd3 f5 24. Bg2 g5 25. Rfd1 Rd6 26. Bh2 f4 27. Re1 h5
28. Rde3 Nf5 29. Re5 Kf6 30. d5 Ne3 31. Re4 Nxg2 32. Kxg2 cxd5 33. Re7 Rb6 34.
b4 Rc8 35. Bg1 Rc2+ 36. Kf1 Ra6 37. Bd4+ Kf5 38. R1e5+ Kg4 39. Rg7 Kf3 40.
Rgxg5 Rxa3 41. Rxh5 Rc1+ 42. Re1 Rxe1+ 43. Kxe1 Ke4 44. Bf6 d4 45. Re5+ Kf3 46.
Rh5 Ra1+ 47. Kd2 Ra2+ 48. Kd3 Kg3 49. Bxd4 f3 50. Rf5 Ra3+ 51. Ke4 f2 52. Bxf2+
Kg4 53. Ra5 Rb3 54. Rb5 a5 1/2-1/2

[Event "Memorial Perezzani 2018"]
[Site "?"]
[Date "2018.04.15"]
[Round "5.4"]
[White "Scandiuzzi, Roberto"]
[Black "Di Buono, Giovanni"]
[Result "0-1"]
[WhiteElo "1330"]
[BlackElo "1440"]
[PlyCount "44"]
[EventDate "2018.??.??"]

1. d4 f5 2. e3 Nf6 3. Bd3 g6 4. Nd2 Bg7 5. c3 O-O 6. Ngf3 d6 7. O-O Qe8 8. Bc4+
Kh8 9. Re1 e5 10. dxe5 dxe5 11. e4 f4 12. b3 b5 13. Ba3 bxc4 14. Bxf8 Qxf8 15.
Nxc4 Bb7 16. Qc2 Nfd7 17. Rad1 Qe7 18. Rd2 Nc5 19. Na5 Bxe4 20. Rxe4 Nxe4 21.
Qxe4 Qa3 22. Qxa8 Qc1+ 0-1

[Event "Memorial Perezzani 2018"]
[Site "?"]
[Date "2018.04.15"]
[Round "5.5"]
[White "Morandini, Alessandro"]
[Black "Rausse, Leopoldo"]
[Result "0-1"]
[WhiteElo "1326"]
[BlackElo "1458"]
[PlyCount "38"]
[EventDate "2018.??.??"]

1. d4 Nf6 2. Nf3 d5 3. e3 Nc6 4. c3 Bg4 5. Be2 e6 6. h3 Bf5 7. Bd3 Ne4 8. Nbd2
Nxf2 9. Kxf2 Bxd3 10. Nf1 Be4 11. Ng3 Qf6 12. Rf1 Bd6 13. Nh5 Qg6 14. Nf4 Qh6
15. Kg1 g5 16. Nd3 g4 17. Nfe5 gxh3 18. Qg4 hxg2 19. Rxf7 Qh1+ 0-1

[Event "Memorial Perezzani 2018"]
[Site "?"]
[Date "2018.04.15"]
[Round "5.6"]
[White "Mai, Daniele"]
[Black "Fasoli, Michele"]
[Result "1-0"]
[WhiteElo "1424"]
[BlackElo "1328"]
[PlyCount "107"]
[EventDate "2018.??.??"]

1. d4 d5 2. c4 c6 3. Nc3 Nf6 4. Bg5 Nbd7 5. cxd5 cxd5 6. g3 e6 7. Bg2 Be7 8.
Nf3 O-O 9. O-O a6 10. Rc1 b5 11. Qc2 Bb7 12. e3 Rc8 13. Qb1 h6 14. Bf4 Rc6 15.
Ne2 Rxc1 16. Rxc1 Ne4 17. Nc3 Ndf6 18. Nxe4 Nxe4 19. Rc7 Ba8 20. Ra7 Bd6 21.
Rxa6 Bxf4 22. gxf4 Qc8 23. Ra3 Qb7 24. Rd3 Rc8 25. Nd2 f5 26. Nxe4 dxe4 27. Rc3
Rxc3 28. bxc3 Qd5 29. Qb3 Bc6 30. Qxd5 exd5 31. Kf1 Kf7 32. Ke2 Ke6 33. Kd2 Kd6
34. Kc2 Kc7 35. Kb3 Kb6 36. Kb4 g6 37. Bf1 g5 38. fxg5 hxg5 39. Be2 g4 40. Bf1
Bd7 41. h3 gxh3 42. Bxh3 Be6 43. Bf1 Bd7 44. Be2 Bc6 45. Bh5 Bd7 46. Bf7 Kc6
47. a4 bxa4 48. Kxa4 Kd6+ 49. Kb4 Be6 50. Bxe6 Kxe6 51. Kc5 f4 52. exf4 Kf5 53.
Kxd5 Kxf4 54. c4 1-0